Климат центральной Якутии / (Record no. 517650)
[ view plain ]
| 000 -LEADER | |
|---|---|
| fixed length control field | 00832-am-a2200217-a-4500 |
| 001 - CONTROL NUMBER | |
| control field | YSU0088191 |
| 003 - CONTROL NUMBER IDENTIFIER | |
| control field | AM-YEHGA |
| 005 - DATE AND TIME OF LATEST TRANSACTION | |
| control field | 20250617164105.0 |
| 008 - FIXED-LENGTH DATA ELEMENTS--GENERAL INFORMATION | |
| fixed length control field | 990526s1962 xxu 000 0 rus u |
| 020 ## - INTERNATIONAL STANDARD BOOK NUMBER | |
| Terms of availability | 00.21 |
| 040 ## - CATALOGING SOURCE | |
| Original cataloging agency | AM-YeHGA |
| 090 ## - LOCALLY ASSIGNED LC-TYPE CALL NUMBER (OCLC); LOCAL CALL NUMBER (RLIN) | |
| -- | 521201 |
| 100 10 - MAIN ENTRY--PERSONAL NAME | |
| Personal name | Гаврилова, Мария Кузьминична |
| 245 10 - TITLE STATEMENT | |
| Title | Климат центральной Якутии / |
| Statement of responsibility, etc. | М.К. Гаврилова ; Отв. ред. Н.А. Граве ; АН СССР. Сибирское отделение. Ин-т мерзлотоведения |
| 260 0# - PUBLICATION, DISTRIBUTION, ETC. | |
| Place of publication, distribution, etc. | Якутск : |
| Name of publisher, distributor, etc. | Якутское кн. изд-во , |
| Date of publication, distribution, etc. | 1962. |
| 300 ## - PHYSICAL DESCRIPTION | |
| Extent | 63 с. |
| 650 #4 - SUBJECT ADDED ENTRY--TOPICAL TERM | |
| Topical term or geographic name entry element | Геология |
| 650 #4 - SUBJECT ADDED ENTRY--TOPICAL TERM | |
| Topical term or geographic name entry element | Климат |
| 700 1# - ADDED ENTRY--PERSONAL NAME | |
| Personal name | Граве, Н.А. |
| Relationship | edt |
| 710 2# - ADDED ENTRY--CORPORATE NAME | |
| Corporate name or jurisdiction name as entry element | Ин-т мерзлотоведения СО АН СССР (ИМЗ) |
| Withdrawn status | Lost status | Damaged status | Not for loan | Collection | Home library | Current library | Date acquired | Total checkouts | Full call number | Barcode | Date last seen | Price effective from | Koha item type | Public note |
|---|---|---|---|---|---|---|---|---|---|---|---|---|---|---|
| General | Fundamental Scientific Library | Fundamental Scientific Library | 21/10/2021 | РII/64378 | FL0662630 | 21/10/2021 | 21/10/2021 | Գրքեր / Books | 30 Days Loan |
ՀՀ Գիտությունների ազգային ակադեմիայի հիմնարար գիտական գրադարան = Fundamental Scientific Library of NAS RA
All site content, except where otherwise noted, is licensed under a